The method to obtain of the aggloburden sintering material using the conversion of natural gas; Metalurgija; Vol. 58, № 3-4

Bibliografiset tiedot
Parent link:Metalurgija
Vol. 58, № 3-4.— 2019.— [P. 275-278]
Yhteisötekijä: Национальный исследовательский Томский политехнический университет Школа базовой инженерной подготовки Отделение русского языка
Muut tekijät: Shipilov S. E. Sergey Eduardovich, Ibatov M. K. Marat Kenesovich, Zholdubaeva Zh. D. Zhumagul Dyusenbaevna, Alkina A. D. Aliya Dauletkhanovna, Shipilova S. S. Svetlana Sergeevna, Yurchenko E. V. Elena Vladimirovna, Mekhtiyev (Mekhtiev) A. Ali
Yhteenveto:The paper considers the processes of direct production of iron from ores, which a re called solid-phase reduction processes. A technology for the production of metallized agglomerate is proposed, consisting of two stages: sintering of agglomerate and subsequent metallization of hot intact sintered material. The combined sintering process and metallization with the products of natural gas conversion of the agglomerate at an elevated pressure of the gas phase resulted in the metallization of 50 - 68 % metallized sinter.
Режим доступа: по договору с организацией-держателем ресурса
Kieli:englanti
Julkaistu: 2019
Aiheet:
Linkit:https://hrcak.srce.hr/218400
Aineistotyyppi: Elektroninen Kirjan osa
KOHA link:https://koha.lib.tpu.ru/cgi-bin/koha/opac-detail.pl?biblionumber=660445

MARC

LEADER 00000naa0a2200000 4500
001 660445
005 20250403161830.0
035 |a (RuTPU)RU\TPU\network\29876 
090 |a 660445 
100 |a 20190702d2019 k||z0rusy50 ba 
101 1 |a eng 
102 |a HR 
135 |a arcn ---uucaa 
181 0 |a i  
182 0 |a b 
200 1 |a The method to obtain of the aggloburden sintering material using the conversion of natural gas  |f S. E. Shipilov [et al.] 
203 |a Text  |c electronic 
320 |a [References.: p. 278 (10 tit.)] 
330 |a The paper considers the processes of direct production of iron from ores, which a re called solid-phase reduction processes. A technology for the production of metallized agglomerate is proposed, consisting of two stages: sintering of agglomerate and subsequent metallization of hot intact sintered material. The combined sintering process and metallization with the products of natural gas conversion of the agglomerate at an elevated pressure of the gas phase resulted in the metallization of 50 - 68 % metallized sinter. 
333 |a Режим доступа: по договору с организацией-держателем ресурса 
461 |t Metalurgija 
463 |t Vol. 58, № 3-4  |v [P. 275-278]  |d 2019 
610 1 |a труды учёных ТПУ 
610 1 |a электронный ресурс 
610 1 |a iron ore 
610 1 |a agglomerate 
610 1 |a sintered material 
610 1 |a natural gas 
610 1 |a pressure 
610 1 |a железная руда 
610 1 |a спеченные материалы 
610 1 |a природный газ 
610 1 |a давление 
701 1 |a Shipilov  |b S. E.  |g Sergey Eduardovich 
701 1 |a Ibatov  |b M. K.  |g Marat Kenesovich 
701 1 |a Zholdubaeva  |b Zh. D.  |g Zhumagul Dyusenbaevna 
701 1 |a Alkina  |b A. D.  |g Aliya Dauletkhanovna 
701 1 |a Shipilova  |b S. S.  |c specialist in the field of higher professional education  |c Associate Professor of Tomsk Polytechnic University, candidate of physico-mathematical Sciences  |f 1979-  |g Svetlana Sergeevna  |3 (RuTPU)RU\TPU\pers\35012  |9 18303 
701 1 |a Yurchenko  |b E. V.  |c Specialist in the field of electronics  |c Associate Professor of Tomsk Polytechnic University, Candidate of medical sciences  |f 1974-  |g Elena Vladimirovna  |3 (RuTPU)RU\TPU\pers\39787 
701 1 |a Mekhtiyev (Mekhtiev)  |b A.  |c Specialist in the field of electronics  |c Senior researcher of Tomsk Polytechnic University, Candidate of technical sciences  |f 1972-  |g Ali  |3 (RuTPU)RU\TPU\pers\39786 
712 0 2 |a Национальный исследовательский Томский политехнический университет  |b Школа базовой инженерной подготовки  |b Отделение русского языка  |3 (RuTPU)RU\TPU\col\23517 
801 0 |a RU  |b 63413507  |c 20011210  |g PSBO 
801 2 |a RU  |b 63413507  |c 20190704  |g PSBO 
856 4 |u https://hrcak.srce.hr/218400 
942 |c CF